Introducción a la psicolingüística
Gespeichert in:
| 1. Verfasser: | |
|---|---|
| Format: | Buch |
| Sprache: | Spanisch |
| Veröffentlicht: |
Madrid
Alcalá
1976
|
| Schriftenreihe: | Colección Límina, 4
|
| Schlagworte: | |
| Tags: |
Tag hinzufügen
Keine Tags, Fügen Sie den ersten Tag hinzu!
|
MARC
| LEADER | 00000nam a2200000 a 4500 | ||
|---|---|---|---|
| 001 | UCO9238 | ||
| 003 | CL-VaPUC | ||
| 008 | 010125e19760000SP |||||||||||||||||spa|d | ||
| 082 | 0 | 4 | |a 401.9 |b PET |2 21 |
| 100 | 0 | |a Peterfalvi, Jean-Michel |e author |9 454271 | |
| 245 | 1 | 0 | |a Introducción a la psicolingüística |
| 300 | |a 160 p | ||
| 942 | |c BK | ||
| 945 | |d 20010125 00:00:00 |a vberengu | ||
| 260 | |a Madrid |b Alcalá |c 1976 | ||
| 650 | 0 | |a Fonología |9 341074 | |
| 650 | 7 | |a FONEMAS |2 CL-VaPUC |9 374435 | |
| 650 | 0 | |a Lingüística |9 265068 | |
| 650 | 7 | |a LINGUISTICA ESTRUCTURAL |2 CL-VaPUC |9 269255 | |
| 650 | 0 | |a Psicología aplicada |9 270762 | |
| 583 | |a last modification |c 20010125 00:00:00 |k Rodrigo Vera | ||
| 490 | 0 | |a Colección Límina, 4 | |
| 999 | |c 293510 |d 293508 | ||
| 952 | |0 0 |1 0 |4 0 |6 401_900000000000000_PET_1976 |7 0 |8 A |9 345080 |a FDOPOS |b FDOPOS |d 2019-11-20 |i 3689964 |o 401.9 PET 1976 |p 3689964 |r 2025-01-22 |w 2019-11-20 |y BK |k MLA | ||
| 952 | |0 0 |1 0 |4 0 |6 401_900000000000000_PET_1976 |7 0 |8 A |9 345081 |a FDOPOS |b FDOPOS |d 2019-11-20 |i 4312015 |o 401.9 PET 1976 |p 4312015 |r 2025-01-22 |w 2019-11-20 |y BK |k MLA | ||